• 首页
  • 本馆介绍
  • 公告通知
  • 最新文献
  • 馆藏检索
  • 电子资源
  • 读者导购
  • 参考咨询
  • 我的图书馆
  • 登录
  • 详细信息显示
  • 放入我的书架
  • 预约/预借图书
  • 作者相关作品
  • 分类相关作品
  • 丛书相关作品
  • 出版社相关作品

书目信息

  • 表格格式
  • 工作单格式
  • 卡片格式
题名:
世界经济与中国(2003年)
    
 
作者: 刘洪钟 编
分册: 2002年  
出版信息: 北京   人民出版社  2003.06
页数: 439页
开本: 20cm
丛书名:
单 册:
中图分类: F11-53
科图分类:
主题词: 世界经济--文集 , 世界经济
电子资源:
ISBN: 7-01-003920-8
000 00961nam0 2200265 450
001 002422927
005 20031028162541.0
009 002422927
010    @a7-01-003920-8@dCNY27.00
100    @a20041220d2003 kemy0chiy0110 ea
101 0  @achi
102    @aCN@b110000
105    @ay z 000yy
200 1  @a世界经济与中国(2003年)@Ashi jie jing ji yu zhong guo(2003 nian)@h2002年@e中国世界经济学会会长奖论文集@f刘洪钟等编@Fliu hong zhong deng bian
210    @a北京@c人民出版社@d2003.06
215    @a439页@d20cm
330    @a该书分全球化、国际贸易与国际投资、国际金融、美国经济、东亚经济、俄罗斯经济、中国与世界经济等八部分内容,共计25篇文章。
517 1  @a中国世界经济学会会长奖论文集@9zhong guo shi jie jing ji xue hui hui zhang jiang lun wen ji
606 0  @a世界经济@j文集
606 0  @a世界经济
690    @aF11-53@v4
701  0 @a刘洪钟@Aliu hong zhong@4编
801  0 @aCN@bNLC@c20041220
905    @aBZT@dF11-53@e1@f6
906    @dCNY27.00@n0@r1
    
    世界经济与中国(2003年).2002年:中国世界经济学会会长奖论文集/刘洪钟等编.-北京:人民出版社,2003.06
    439页;20cm
    
    
    ISBN 7-01-003920-8:CNY27.00
    该书分全球化、国际贸易与国际投资、国际金融、美国经济、东亚经济、俄罗斯经济、中国与世界经济等八部分内容,共计25篇文章。
●
相关链接 在五车中查询图书 在当当中查询图书 在豆瓣中查询图书


正题名:世界经济与中国(2003年)     索取号:F11-53/1         预约/预借

序号 登录号 条形码 馆藏地/架位号 状态 备注
1 0376874   200887102   样本书库/样001架A面2层1列/ [索取号:F11-53/1] 在馆    
2 0376875   200887111   中心书库北库/ 北库006架B面3列6层3/ [索取号:F11-53/1] 在馆    
3 0376876   200887086   中心书库北库/ 北库006架B面3列6层5/ [索取号:F11-53/1] 在馆    
4 0376877   200887095   中心书库北库/ 北库006架B面3列6层4/ [索取号:F11-53/1] 在馆    
5 0376878   200887068   中心书库北库/ 北库006架B面3列6层1/ [索取号:F11-53/1] 在馆    
6 0376879   200887077   中心书库北库/ 北库006架B面3列6层2/ [索取号:F11-53/1] 在馆    
山东省滨州职业学院图书馆 欢迎您!
大连网信软件有限公司© 版权所有